=LDR 00000nam 2200000 4500 =001 INLIS000000000023972 =005 20130612122604 =008 ***********************************Ind** =035 ##$$0010-061300000023972 =041 ##$$a Ind =082 ##$$a 380.101 =090 ##$$a 380.101, Smi b =100 ##$$a Smith, Michael b =245 ##$$a Bahasa perdagangan, Michael B. Smith =260 ##$$a 1995 $b Bandung =300 ##$$a 245 hlm, 21 cm =650 ##$$a Bahasa perdagangan =850 ##$$a NBPNMAT